000 00297nam a2200121Ia 4500
008 191201s2010 xx 000 0 und d
100 _aSHARMA, Sanjay
245 0 _aCourse in Computer Networks
260 _aN. Delhi
_bS.K. Kataria
_c2010
300 _a700
650 _aB.Tech(IT)
942 _2ddc
_cBK
999 _c6368
_d6368